Medios de comunicación social y derechos humanos

Bibliographic Details
Main Author: Sagastume Gemmel, Marco A.
Format: Section = Libro
Language:Undetermined
Spanish
Published: Costa Rica Continental 1997
Edition:2a.ed
Subjects:
LEADER 00546nam a2200205Ia 4500
008 240830s9999 xx 000 0 und d
020 |a 9977-30-280-4 
040 |a B-ESTELÍ- RUACS / 323.4 S129m 
041 |a spa 
082 |a 323.4 S129m 
100 1 |a Sagastume Gemmel, Marco A. 
245 1 0 |a Medios de comunicación social y derechos humanos 
250 |a 2a.ed 
260 |a Costa Rica  |b Continental  |c 1997 
300 |a 64 p. 
650 7 |a DERECHOS HUMANOS 
650 7 |b  MEDIOS DE COMUNICACION 
942 |c BK  |2 ddc 
991 |a TEXTO 
999 |c 10704